000 00568nam a2200205 a 4500
999 _c11537
_d11537
020 _a8122419755 (paperback)
020 _a9788122419757 (paperback)
082 _a620.106076KOT
100 1 _aKothandaraman, C P.
245 1 0 _aFluid Mechanics and Machinery
250 _a2nd ed.
260 _aNew Delhi :
_bNew Age International ,
_c2007.
300 _axvii, 596 p. ;
500 _aIndex.
650 _aFluid Mechanics
650 _aHydraulic machinery
700 1 _aRudramoorthy, R.
856 4 0 _uhttp://10.10.170.122:8080/browse/book/1422
942 _cBK